000 00585nmm a2200169Ia 4500
008 251105s9999||||xx |||||||||||||||||und||
041 _aspa
100 _aJiménez Morales, Mònika
245 0 _aEventos y protocolo :
_b La gestión estratégica de actos corporativos e institucionales
264 _a[Madrid, España] :
_bUniversitat Oberta de Catalunya,
_c2017
300 _a246 páginas
650 _aEconomics and Business
700 _aJiménez Morales, Mònika
700 1 _a Panizo Alonso, Julio M.
856 _uhttps://public.digitaliapublishing.com/a/47383
942 _cCF
999 _c67256
_d67256